Guernica: Pablo Picasso

Сохранить в:
Библиографические подробности
Главный автор: Larrea, Juan (Автор)
Формат:
Язык:английский
Опубликовано: Nueva York Arno Press 1969
Предметы:
Метки: Добавить метку
Нет меток, Требуется 1-ая метка записи!

MARC

LEADER 00000nam a2200000 a 4500
001 UCU9197
003 CL-VaPUC
008 960809e19690000US |||||||||||||||||eng|d
082 0 4 |a 759.06  |b LAR  |2 21 
100 |a Larrea, Juan  |e author  |9 342706 
245 1 0 |a Guernica: Pablo Picasso 
300 |a 76 p 
942 |c BK 
945 |d 19960809 00:00:00  |a rleighto 
260 |a Nueva York  |b Arno Press  |c 1969 
600 0 7 |a PICASSO, PABLO  |2 CL-VaPUC  |9 265273 
650 7 |a PINTURA ESPAÑOLA SIGLO 20  |2 CL-VaPUC  |9 368307 
650 0 |a Pintores españoles  |9 315216 
650 0 |a Arte moderno  |9 265333 
650 0 |a Cubismo  |9 265275 
650 7 |a EXPRESIONISMO  |2 CL-VaPUC  |9 268711 
650 0 |a Surrealismo  |9 265502 
651 7 |a GUERNICA  |2 CL-VaPUC  |9 368308 
651 0 |a España  |9 254926 
583 |a last modification  |c 20160901 04:04:42  |k Rodrigo Vera 
999 |c 251063  |d 251061 
952 |0 0  |1 0  |4 0  |6 759_060000000000000_LAR_1969  |7 0  |8 A  |9 269996  |a BIBARQ  |b BIBARQ  |d 2019-11-19  |i 3216985  |o 759.06 LAR 1969  |p 3216985  |r 2025-01-20  |w 2019-11-19  |y BK  |k ARQ